Statistiques concernant Culture Générale - Série 990

Cliquez ici pour prendre le quiz!

Statistiques générales

  • Ce quiz a été pris 97 fois
  • Le résultat moyen est 6 sur 10

Statistiques - réponses

QuestionRéponse% Correct
Quelle déesse égyptienne est la compagne d'Osiris et la mère d'Horus ?Isis
84%
En 1986, quel artiste chante en duo avec sa fille le titre "Charlotte For Ever" ?Serge Gainsbourg
84%
Dans quelle ville bavaroise le compositeur Richard Strauss est-il né ?Munich
83%
De quelle artiste Bernard-Henri Levy est-il le mari ?Arielle Dombasle
67%
Dans quel département se trouvent les villes de Forbach et de Thionville ?Moselle
67%
Selon le proverbe, "où il y a de la gêne, il n'y a pas...de plaisir
64%
Qui incarne Lord Brett Sinclair, dans la série télévisée “Amicalement vôtre” ?Roger Moore
48%
Quel mot désigne à la fois une salade de la famille des crucifères et un projectile de guerre ?roquette
28%
Qui coécrivit, avec Michael Jackson, la chanson : "We Are The World" ?Lionel Richie
19%
Quel réalisateur d'origine chilienne, prénommé Raoul, a dirigé Lætitia Casta dans “Les Âmes fortes” ?Raoul Ruiz
10%

Distribution des résultats

Percentile par nombre de réponses

% des personnes avec chaque résultat

Votre développement - résultats

Vous n’avez pas pris ce quiz